Estadísticas para Top 30 rutas más transitadas desde Madrid

Haz click aquí para intentar la prueba.

Estadísticas generales

  • Esta prueba ha sido intentada 681 veces
  • La puntuación promedio es 26 de 30

Respuestas en el mapa

Las respuestas están codificadas por una escala verde-roja en el mapa de la prueba según el % correcto abajo.
 

Estadísticas de respuestas

PasajerosDestino% Correcto
1.716.423Barcelona
99%
2.191.758Londres (Heathrow / Gatwick / Stansted)
99%
2.243.337París (Orly / CDG)
99%
1.291.377Roma
99%
1.538.930Lisboa
98%
980.722Ámsterdam
96%
760.528Buenos Aires
96%
748.423Nueva York
96%
779.479Oporto
96%
887.208Bruselas
95%
907.328Ciudad de México
95%
647.371Bilbao
93%
1.095.936Bogotá
93%
1.294.010Tenerife (Norte)
93%
689.453Lima
92%
689.639Miami
92%
919.939Ibiza
91%
530.005Málaga
90%
782.962Múnich
89%
628.327São Paulo
88%
538.795A Coruña
87%
1.880.865Palma de Mallorca
87%
1.434.501Gran Canaria
82%
513.425Santo Domingo
81%
499.071Santiago de Compostela
80%
563.810Vigo
80%
584.046Zúrich
80%
578.269Lanzarote
70%
524.183Ginebra
64%
794.852Fráncfort
48%

Distribución de puntuación

Porcentaje por número respondido

Porcentaje de gente con cada puntuación

Historial de tus puntuaciones

No has intentado esta prueba.